Falta pouco (Record no. 56930)

MARC details
000 -LÍDER
campo de controle de tamanho fixo 00323 a2200157 4500
001 - NÚMERO DE CONTROLE
campo de controle 56930
020 ## - ISBN - INTERNATIONAL STANDARD BOOK NUMBER
ISBN - International Standard Book Number 8532251757
040 ## - FONTE DA CATALOGAÇÃO
Instituição que transcreveu o registro Anchieta - Pituba
100 ## - ENTRADA PRINCIPAL--NOME PESSOAL
Nome pessoal Abramovich, Fanny
240 10 - TÍTULO UNIFORME
Título uniforme Falta pouco
Idioma da obra por
245 10 - TÍTULO
Título Falta pouco
300 ## - DESCRIÇÃO FÍSICA
Extensão 69
362 0# - DATAS DE PUBLICAÇÃO E/OU DESIGNAÇÃO SEQUENCIAL
Datas de publicação e/ou designação sequencial 2003
650 #4 - ASSUNTO--TERMO TÓPICO
Cabeçalho tópico ou nome geográfico Literatura juvenil
942 ## - ELEMENTOS DE ENTRADA ADICIONADOS (KOHA)
Tipo de material Koha Livros
Holdings
Situação do descarte Situação das perdas Situação física Não pode ser emprestado Biblioteca de origem Biblioteca atual Data de aquisição Total de empréstimos Número de chamada completo Código de barras Data de último acesso Data do preço efetivo Tipo de material Koha Fonte da classificação ou esquema de arquivamento na estante Nota pública Número do exemplar
        Colégio Anchieta - Pituba Colégio Anchieta - Pituba 21/11/2023   LJ 028.5 A161f ABR FAL 6682/PIT 21/11/2023 21/11/2023 Livros      
        Novo Tempo - Aureliano São José Novo Tempo - Aureliano São José 11/07/2024     fm40 11/07/2024 11/07/2024 Livros Classificação Decimal de Dewey FD2/EM  
        Portinari - Salvador Portinari - Salvador 09/08/2024   028.5 A161f 8099/CCP 09/08/2024 09/08/2024 Livros     Ex. 1